000 01024nam a22002657a 4500
005 20240305165406.0
007 cr|||| ||||
008 130304e 2011sp |||||s|||| 00||0 spa d
020 _a978-84-9948-647-5
035 _a7373
040 _avLex
090 _c3824
_d3824
100 1 0 _aAvilés Gómez, Manuel
245 1 3 _aEl enriquecimiento ilícito
_h[Recurso electrónico]
_c/ Manuel Avilés Gómez
256 _aAcceso restringido
260 _aAlicante :
_bEditorial Club Universitario,
_c2011
300 _a1 Recurso electrónico
506 _dvLex Global
_dvLex Global (Academic Edition, excluding Law Schools)
_dvLex Global (U.S. Academic Edition, Law Schools)
_dvLex Global (U.S. Academic Edition, excluding Law Schools)
_dvLex Global (Academic Edition, Law Schools)
650 0 4 _aCrimonología
650 0 4 _aDelitos económicos
650 0 4 _aDelitos de cuello blanco
740 _avLex Libros (Servicio en línea)
856 _aAcceso restringido
_uhttp://www.vlex.com/source/7373
942 _cRAA
999 _c162205
_d162205